|
|
|
|
| LEADER |
00000nam0a2200000 4500 |
| 001 |
126221 |
| 005 |
20231101220000.0 |
| 035 |
|
|
|a (RuTPU)RU\TPU\book\136554
|
| 090 |
|
|
|a 126221
|
| 100 |
|
|
|a 20071126d1979 m y0rusy50 ca
|
| 101 |
0 |
|
|a rus
|
| 102 |
|
|
|a RU
|
| 105 |
|
|
|a a j 001zy
|
| 200 |
1 |
|
|a Топливно-транспортное хозяйство и золоудаление на ТЭС
|e учебное пособие
|f Ю. В. Салов
|g Ивановский государственный университет ; Ивановский энергетический институт
|
| 210 |
|
|
|a Иваново
|c [Б. и.]
|d 1979
|
| 215 |
|
|
|a 50 с.
|c ил.
|
| 320 |
|
|
|a Библиогр.: с. 50
|
| 606 |
1 |
|
|a Тепловые электрические станции
|x Топливное хозяйство
|2 stltpush
|3 (RuTPU)RU\TPU\subj\59701
|9 77202
|
| 610 |
1 |
|
|a топливно-энергетическое хозяйство
|
| 610 |
1 |
|
|a золоудаление
|
| 610 |
1 |
|
|a мазутное хозяйство
|
| 610 |
1 |
|
|a газовое хозяйство
|
| 610 |
1 |
|
|a шлаки
|
| 610 |
1 |
|
|a зола
|
| 610 |
1 |
|
|a использование
|
| 610 |
1 |
|
|a учебные пособия
|
| 675 |
|
|
|a 621.311.22.002.5:621.182.2-6(075.8)
|v 4
|
| 700 |
|
1 |
|a Салов
|b Ю. В.
|g Юрий Васильевич
|
| 712 |
0 |
2 |
|a Ивановский государственный университет
|2 stltpush
|3 (RuTPU)RU\TPU\col\442
|9 23435
|
| 712 |
0 |
2 |
|a Ивановский энергетический институт
|c (1930-1992)
|2 stltpush
|3 (RuTPU)RU\TPU\col\6341
|9 24234
|
| 801 |
|
1 |
|a RU
|b 63413507
|c 20071126
|g PSBO
|
| 801 |
|
2 |
|a RU
|b 63413507
|c 20210409
|g PSBO
|
| 942 |
|
|
|c BK
|